|
|
|
|
| LEADER |
00000nam a2200000Ia 4500 |
| 008 |
170824b2000 cr ||||| |||| 00| | spa d |
| 999 |
|
|
|c 888
|d 888
|
| 020 |
|
|
|a 9968831050
|
| 090 |
|
|
|a 19.01.06
|b 1675
|
| 100 |
1 |
|
|a Hernández Jiménez, Digna
|9 3093
|
| 245 |
1 |
0 |
|a Archivando con excelencia en la etapa de gestión. El archivo: conceptos y organización /
|c Digna Hernández Jiménez, Lilliam Segura Badilla
|
| 260 |
|
|
|a San José, Costa Rica :
|b Editorial del Norte,
|c 2000
|
| 300 |
|
|
|a 140 páginas
|
| 650 |
1 |
4 |
|9 2189
|a ARCHIVO
|
| 650 |
1 |
4 |
|a GESTIÓN
|9 2631
|
| 650 |
1 |
4 |
|a ARCHIVÍSTICA
|9 836
|
| 700 |
1 |
|
|a Segura Badilla, Lilliam
|9 3094
|
| 942 |
|
|
|i 003385
|h 19.01.06 1675
|2 z
|c 01
|